L'univers de Picsou - Facile - Statistiques

Statistiques générales
  • Ce quiz a été pris 87 fois
  • Le résultat moyen est 6 sur 9
Statistiques - réponses
Indices Réponses % Correct
Donald est le ___ de B.P Neveu
97%
Neveu de Donald avec une casquette verte Loulou
85%
Neveu de Donald avec une casquette rouge Riri
85%
Neveu de Donald avec une casquette beue Fifi
83%
Le cousin chanceux de Donald Gontran Bonheur
71%
Personnage très riche ennemi de B.P résidant en Afrique Gripsou
69%
Sorcière cherchant à voler le sou fétiche de Picsou Miss Tick
67%
Plaque d'immatriculation de la voiture de Donald 313
42%
Voisin de Donald avec qui il se bat souvent au détriments de leurs maisons Lagrogne
29%
Aucun quiz correspondant
Distribution des résultats
% des personnes avec chaque résultat
Percentile par nombre de réponses
Votre historique - résultats
Vous n’avez pas pris ce quiz